Zur Organisation des Risikomanagements in Kreditinstituten Inaugural-Dissertation

Na minha lista:
Detalhes bibliográficos
Autor principal: Merbecks, Andreas
Formato: Livro
Idioma:alemão
Publicado em: Bochum Ruhr-Universität 1995
Edição:1. Aufl.
Assuntos:
Tags: Adicionar Tag
Sem tags, seja o primeiro a adicionar uma tag!

MARC

LEADER 00000nam a2200000 4500
001 c014902
005 20250509101857.6
041 0 |a ger 
044 |a DE 
245 1 0 |a Zur Organisation des Risikomanagements in Kreditinstituten  |b Inaugural-Dissertation  |c Andreas Merbecks 
250 |a 1. Aufl. 
264 1 |a Bochum  |b Ruhr-Universität  |c 1995 
300 |a 260 s. 
610 2 0 |a manažment 
610 2 0 |a riziko 
610 2 0 |a úver 
610 2 0 |a inštitúcia 
610 2 0 |a banky 
610 2 0 |a bankovníctvo 
100 1 |a Merbecks, Andreas